000 01110nam0a2200337 4500
001 RU\NLR\bibl\331683
005 20250621145017.0
010 _a5-7024-1445-4
_950000
021 _aRU
_b2002-38384
_91875
035 _a(NLR Aleph) 000326646
090 _a130931
_c130931
100 _a20021025d2002 |||y0rusy50 ca
101 1 _arus
_ceng
102 _aRU
105 _ay |||||||||
200 1 _aПринцесса и ковбой
_eРоман
_e[Пер. с англ.]
_fКортни Пакард
210 _aМ.
_cПанорама
_d2002
215 _a190,[1] с.
_d17
225 1 _aПанорама романов о любви
_eПериод. лит.-худож. альманах
_vN02-025
610 0 _aЛюбовь (х. л.)
675 _a821.111-31Пакард
_v3
_zrus
686 _a17.82
_2rugasnti
686 _a84(4Вел)-44
_2rubbk
686 _aШ6(4Вл)67-440.4{Лх1299-50}
700 1 _aПакард
_bК.
_gКортни
_4070
801 0 _aRU
_bRKP
_c20021025
_gPSBO
801 1 _aRU
_bRKP
_c20021025
801 2 _aRU
_bNLR
_c20021128
_grcr
942 _cBOOK
980 _aNB